00601nam a2200157 a 4500008004100000050001500041100002200056245002600078250001200104260004500116300002100161350000900182995010400191999001700295952013100312120416s1983 ||||||||||||||||| || u aHJ 141 Her aHerber, Bernard P10aModern public finance a5th ed. aHomewood, [Ill.]bRichard D. Irwinc1983 axv, 468p. : ill. a0.00 D0.00FCBU-MAIN LIBRARY (Kitwe)H1I0.00M1ULOSTVDec 10, 2013ZMain Library Open Access Collection c51513d51513 00102lcc4070a001b001cMain Library Open Access Collectiond2022-11-30l0oHJ 141 Herp006676r2022-11-30w2022-11-30y002